Countries containing z - Statistics

General Stats
  • This quiz has been taken 40 times
    30 since last reset
  • The average score is 10 of 15
Answer Stats
Continent Country % Correct
Africa Zimbabwe
100%
Africa Zambia
96%
North America Belize
86%
South America Venezuela
86%
Asia Azerbaijan
79%
South America Brazil
75%
Oceania New Zealand
75%
Asia Kazakhstan
61%
Asia Uzbekistan
61%
Europe Switzerland
57%
Asia Kyrgyzstan
54%
Europe Bosnia and Herzegovina
50%
Africa Tanzania
46%
Europe Czech Republic
39%
Africa Mozambique
39%
No matching quizzes found
Score Distribution
Percent of People with Each Score
Percentile by Number Answered
Your Score History
You have not taken this quiz since the last reset